000
00349pab a2200157 454500
008
180718b2011 xxu||||| |||| 00| 0 eng d
100
_a
Gupta, Dhrum
245
_a
Bastar: An asymmetric war
260
_c
2011
300
_a
p.38-45.
362
_a
April-June
650
_a
War
773
_a
Indian Police Journal
908
_a
N
909
_a
94798
999
_c
94798
_d
94798